000 005080000a22001930004500
003 LK-CoMWRAF
005 20231120131354.0
008 230817t2000 ||||| |||| 00| 0 eng d
020 _a9839541080
040 _aLK-CoMWRAF
_dLK-CoMWRAF
_eLK-CoMWRAF
041 _aeng
082 _a297.09
_bPOL
245 _aPolitical development :
_ban Islamic perspective
260 _aSelangor:
_bOther Press,
_c2000
300 _axvii, 264 p.
650 _aIslamization
700 _aKausar, Zeenath
_eed.
942 _cBK
999 _c1510
_d1510